Management rizika : Úvod k systematickému vyhledávání, posuzování a hodnocení rizik. Díl 1.

Enregistré dans:
Détails bibliographiques
Auteurs principaux: Božek, František (Auteur), Mráz, Vojtěch (Auteur), Brácha, Jaroslav (Auteur)
Format: Livre
Langue:tchèque
Publié: Rožnov pod Radhoštěm : RoVS, 1998
Sujets:
Accès en ligne:OBSAH
Tags: Ajouter un tag
Pas de tags, Soyez le premier à ajouter un tag!

MARC

LEADER 00000nam a22000003a 4500
001 stu61384
005 20150617225651.2
008 011009s1998----xr------------------cze-d
040 |a STU  |b slo 
041 0 |a cze 
044 |a xr 
080 |a 331.45:65.012.4 
100 1 |a Božek, František  |4 aut 
245 1 |a Management rizika :  |b Úvod k systematickému vyhledávání, posuzování a hodnocení rizik. Díl 1. 
260 |a Rožnov pod Radhoštěm :  |b RoVS,  |c 1998 
300 |a 66 s 
650 7 |a manažment  |2 stusub 
650 7 |a BOZ  |2 stusub 
700 1 |a Mráz, Vojtěch  |4 aut 
700 1 |a Brácha, Jaroslav  |4 aut 
856 4 |a https://sweb.mtf.stuba.sk/obsahy/Management_rizika_uvod_k_systematickemu_vyhladavani_posuzovani_a_hodnoceni_rizik_dil_I_98.pdf  |u https://sweb.mtf.stuba.sk/obsahy/Management_rizika_uvod_k_systematickemu_vyhladavani_posuzovani_a_hodnoceni_rizik_dil_I_98.pdf  |3 OBSAH 
996 |b 284M033337  |c M*10759-1  |l MMST  |s A  |a 24  |w stu61384_0001